[Event "COL-ch U12 Girls"]
[Site "Choconta"]
[Date "2023.03.18"]
[Round "3"]
[White "Lizarazo Camelo, Sara Alejandra"]
[Black "Varela Acosta, Valeria"]
[Result "0-1"]
[WhiteElo "1224"]
[BlackElo "1300"]
[PlyCount "85"]
[EventDate "2023.03.17"]
[EventType "swiss"]
[EventRounds "7"]
[EventCountry "COL"]
[SourceTitle "CBM 213 Extra"]
[Source "ChessBase"]
[SourceDate "2023.05.31"]
[SourceVersion "1"]
[SourceVersionDate "2023.05.31"]
[SourceQuality "1"]

1. e4 e5 2. Nf3 Nc6 3. Bc4 Bc5 4. 0-0 Nf6 5. Nc3 d6 6. d3 Be6 7. Bxe6 fxe6 8. Bg5 h6 9. Bxf6 Qxf6 10. Nb5 0-0-0 11. c3 a6 12. d4 axb5 13. dxc5 dxc5 14. Qb3 Na7 15. Qa3 Kb8 16. Qxc5 b6 17. Qxe5 Qxe5 18. Nxe5 Rhf8 19. Nc6+ Nxc6 20. Rfe1 g5 21. e5 Rf5 22. a4 bxa4 23. Rxa4 Rxe5 24. Rea1 Kb7 25. b4 b5 26. R4a2 Red5 27. h4 Rd1+ 28. Kh2 gxh4 29. Ra6 Rxa1 30. Rxa1 Rd2 31. f3 Rc2 32. Kh3 Rxc3 33. Kxh4 Nxb4 34. Ra5 Kb6 35. Ra8 Rc2 36. Rb8+ Ka6 37. Ra8+ Kb7 38. Ra5 Kb6 39. Ra8 Rxg2 40. Rb8+ Kc5 41. Re8 Rh2+ 42. Kg3 Re2 43. f4 0-1